00000000nam 2200000za 4500
0019.613099
003CaOODSP
00520250219111403
007ta
008150406|1996||||xxc|||||     f|0| 0 eng d
020 |a0-662-24697-7
022 |a1205-1616
040 |aCaOODSP|beng
043 |an-cn---
0861 |aR71-49/4-1E
1102 |aNorthern River Basins Study (Canada)‏.
24510|aImpacts of flow regulation on the aquatic ecosystem of the Peace and Slave rivers / |cby T. D. Browse and M. Conly.
260 |aEdmonton - Alberta : |bNorthern River Basins Study |c1996.
300 |axi, 168p. : |bfigs., graphs, references, tables ; |c28 cm.
4901 |aSynthesis report|x1205-1616|vNo. 1
500 |aContents: Ecological effects of flow regulation of large northern rivers.--Biophysical description of the Peace and Slave Rivers.--Aquatic impacts of flow regulation on the Peace-Slave river system: scientific reviews and study results.--Summary conclusions and recommendation.--References. N.B.: Errata sheet inserted.
500 |aIssued also in electronic format.
563 |aSoftcover
590 |a97-06|b1997-02-07
69007|aWater pollution|2gcpds
7201 |aBrouse, T. D.
7201 |aConly, M.
7760#|tImpacts of flow regulation on the aquatic ecosystem of the Peace and Slave Rivers / |w(CaOODSP)9.945426
830#0|aSynthesis report,|x1205-1616|vNo. 1|w(CaOODSP)9.514882